[Event "Match of the Millennials U14"]
[Site "Saint Louis"]
[Date "2017.07.28"]
[Round "3.4"]
[White "Salimova, Nurgyul"]
[Black "Samadashvili, Martha"]
[Result "1-0"]
[BlackElo "2018"]
[WhiteElo "2332"]
[LiveChessVersion "1.4.8"]

1. d4 {[%clk 1:30:57]} Nf6 {[%clk 1:30:49]} 2. Nf3 {[%clk 1:31:08]} e6
{[%clk 1:30:50]} 3. g3 {[%clk 1:30:58]} d5 {[%clk 1:30:36]} 4. Bg2
{[%clk 1:31:21]} Nbd7 {[%clk 1:30:28]} 5. O-O {[%clk 1:31:34]} Be7
{[%clk 1:28:45]} 6. c4 {[%clk 1:30:59]} c6 {[%clk 1:28:32]} 7. Qc2
{[%clk 1:29:51]} O-O {[%clk 1:28:41]} 8. Nbd2 {[%clk 1:29:27]} b6
{[%clk 1:28:06]} 9. Re1 {[%clk 1:17:59]} Bb7 {[%clk 1:26:39]} 10. b3
{[%clk 1:12:28]} c5 {[%clk 1:22:50]} 11. Bb2 {[%clk 1:05:54]} Rc8
{[%clk 1:13:38]} 12. dxc5 {[%clk 0:56:04]} dxc4 {[%clk 1:07:53]} 13. b4
{[%clk 0:44:06]} bxc5 {[%clk 0:56:15]} 14. b5 {[%clk 0:44:17]} c3
{[%clk 0:52:43]} 15. Qxc3 {[%clk 0:42:39]} Nb6 {[%clk 0:49:33]} 16. Qc2
{[%clk 0:38:16]} c4 {[%clk 0:43:48]} 17. Bc3 {[%clk 0:31:40]} Nfd5
{[%clk 0:38:10]} 18. Nb1 {[%clk 0:24:03]} Bf6 {[%clk 0:30:24]} 19. Rd1
{[%clk 0:20:18]} Qe7 {[%clk 0:26:24]} 20. a4 {[%clk 0:12:40]} Nxc3
{[%clk 0:22:06]} 21. Nxc3 {[%clk 0:13:03]} Bxf3 {[%clk 0:05:51]} 22. Bxf3
{[%clk 0:13:11]} Qb4 {[%clk 0:06:03]} 23. Rdc1 {[%clk 0:12:05]} Qb3
{[%clk 0:05:32]} 24. a5 {[%clk 0:08:40]} Nd5 {[%clk 0:02:13]} 25. Nxd5
{[%clk 0:06:34]} exd5 {[%clk 0:00:48]} 26. Rab1 {[%clk 0:05:40]} Qxc2
{[%clk 0:00:41]} 27. Rxc2 {[%clk 0:06:09]} d4 {[%clk 0:00:43]} 28. a6
{[%clk 0:04:01]} Bd8 {[%clk 0:00:37]} 29. Rb4 {[%clk 0:03:02]} d3
{[%clk 0:00:38]} 30. exd3 {[%clk 0:02:58]} c3 {[%clk 0:01:06]} 31. Bb7
{[%clk 0:02:32]} Rb8 {[%clk 0:00:33]} 32. Rc4 {[%clk 0:01:46]} Ba5
{[%clk 0:00:47]} 33. Ra4 {[%clk 0:01:56]} Bb6 {[%clk 0:01:13]} 34. Rxc3
{[%clk 0:02:16]} Rfe8 {[%clk 0:01:35]} 35. Rc6 {[%clk 0:01:22]} Re6
{[%clk 0:01:30]} 36. Re4 {[%clk 0:01:03]} Rxc6 {[%clk 0:01:10]} 37. bxc6
{[%clk 0:00:58]} Kf8 {[%clk 0:01:14]} 38. Rc4 {[%clk 0:00:57]} Bc7
{[%clk 0:01:38]} 39. Rd4 {[%clk 0:01:06]} Rd8 {[%clk 0:02:01]} 40. Rxd8+
{[%clk 0:00:49]} Bxd8 {[%clk 0:02:27]} 41. Kg2 {[%clk 0:00:45]} Ke7
{[%clk 0:02:54]} 42. Kf3 {[%clk 0:00:51]} Kd6 {[%clk 0:03:20]} 43. Ke4
{[%clk 0:00:39]} Bb6 {[%clk 0:02:57]} 44. f3 {[%clk 0:00:41]} Bd8
{[%clk 0:02:39]} 45. h4 {[%clk 0:00:53]} Bb6 {[%clk 0:02:59]} 46. h5
{[%clk 0:01:01]} Bd8 {[%clk 0:01:14]} 47. f4 {[%clk 0:01:04]} Bc7
{[%clk 0:01:15]} 48. g4 {[%clk 0:01:00]} Bd8 {[%clk 0:01:30]} 49. Kf5
{[%clk 0:00:48]} g6+ {[%clk 0:01:09]} 50. hxg6 {[%clk 0:00:48]} hxg6+
{[%clk 0:00:58]} 51. Ke4 {[%clk 0:01:14]} g5 {[%clk 0:00:54]} 52. fxg5
{[%clk 0:01:07]} Bxg5 {[%clk 0:01:15]} 53. d4 {[%clk 0:01:18]} Bh4
{[%clk 0:01:14]} 54. Kf5 {[%clk 0:00:55]} f6 {[%clk 0:01:22]} 55. Kg6
{[%clk 0:00:50]} Bg5 {[%clk 0:00:39]} 56. Kf7 {[%clk 0:01:04]} Be3
{[%clk 0:00:34]} 57. Kxf6 {[%clk 0:00:53]} Bxd4+ {[%clk 0:01:00]} 58. Kf7
{[%clk 0:01:08]} 1-0

[Event "Match of the Millennials U14"]
[Site "Saint Louis"]
[Date "2017.07.29"]
[Round "4.1"]
[White "Hong, Andrew"]
[Black "Praggnanandhaa, Ramesh Babu"]
[Result "0-1"]
[BlackElo "2479"]
[WhiteElo "2334"]
[LiveChessVersion "1.4.8"]

1. e4 {[%clk 1:30:58]} e5 {[%clk 1:30:45]} 2. Nf3 {[%clk 1:31:19]} Nc6
{[%clk 1:31:10]} 3. Bb5 {[%clk 1:31:43]} g6 {[%clk 1:31:35]} 4. c3
{[%clk 1:32:00]} a6 {[%clk 1:31:57]} 5. Bc4 {[%clk 1:32:06]} Bg7 {[%clk 1:30:44]}
6. d4 {[%clk 1:29:14]} d6 {[%clk 1:26:17]} 7. Bg5 {[%clk 1:26:13]} Nf6
{[%clk 1:19:15]} 8. dxe5 {[%clk 1:24:45]} dxe5 {[%clk 1:19:08]} 9. Nbd2
{[%clk 1:23:24]} O-O {[%clk 1:13:51]} 10. O-O {[%clk 1:23:23]} h6
{[%clk 1:09:18]} 11. Be3 {[%clk 1:19:58]} Qe7 {[%clk 1:01:45]} 12. h3
{[%clk 1:18:18]} Rd8 {[%clk 0:54:07]} 13. Qc2 {[%clk 1:16:15]} Nh5
{[%clk 0:51:10]} 14. Rfd1 {[%clk 1:11:20]} Qf6 {[%clk 0:46:50]} 15. b4
{[%clk 1:07:51]} Re8 {[%clk 0:33:56]} 16. a4 {[%clk 1:04:36]} a5 {[%clk 0:31:41]}
17. b5 {[%clk 0:57:07]} Ne7 {[%clk 0:30:13]} 18. Kh2 {[%clk 0:54:15]} b6
{[%clk 0:23:24]} 19. Qb3 {[%clk 0:37:29]} Bb7 {[%clk 0:18:17]} 20. g4
{[%clk 0:33:10]} Nf4 {[%clk 0:13:24]} 21. Nxe5 {[%clk 0:31:32]} Nfd5
{[%clk 0:08:40]} 22. Nd3 {[%clk 0:09:12]} Nxe3 {[%clk 0:06:08]} 23. fxe3
{[%clk 0:09:30]} Rf8 {[%clk 0:04:48]} 24. Rac1 {[%clk 0:06:11]} Rad8
{[%clk 0:03:18]} 25. Kg2 Qg5 {[%clk 0:01:17]} 26. Kf2 {[%clk 0:03:22]} Qh4+
{[%clk 0:00:57]} 27. Kg2 {[%clk 0:03:43]} Kh7 {[%clk 0:01:01]} 28. Nf2
{[%clk 0:01:53]} Be5 {[%clk 0:00:39]} 29. Nf1 {[%clk 0:01:23]} Rxd1
{[%clk 0:00:34]} 30. Qxd1 {[%clk 0:00:49]} f5 {[%clk 0:00:40]} 31. Qf3
{[%clk 0:00:58]} Kg7 {[%clk 0:00:46]} 32. gxf5 {[%clk 0:00:57]} Rxf5
{[%clk 0:01:00]} 33. exf5 {[%clk 0:00:40]} Bxf3+ {[%clk 0:01:21]} 34. Kxf3
{[%clk 0:01:09]} Qxc4 {[%clk 0:01:44]} 35. e4 {[%clk 0:01:27]} gxf5
{[%clk 0:01:58]} 36. Ne3 {[%clk 0:01:56]} fxe4+ {[%clk 0:02:21]} 37. Nxe4
{[%clk 0:02:25]} Qf7+ {[%clk 0:02:45]} 38. Ke2 {[%clk 0:02:52]} Qh5+
{[%clk 0:02:55]} 39. Kd3 Qxh3 {[%clk 0:02:58]} 40. Rg1+ {[%clk 0:03:31]} Kh8
{[%clk 0:03:19]} 41. Nf2 {[%clk 0:03:58]} Qd7+ {[%clk 0:03:13]} 42. Ke2
{[%clk 0:03:40]} Bf4 {[%clk 0:03:16]} 43. Neg4 {[%clk 0:03:56]} Qe6+
{[%clk 0:03:12]} 44. Kf3 {[%clk 0:04:17]} Qf5 {[%clk 0:03:35]} 45. Rd1
{[%clk 0:04:15]} h5 {[%clk 0:03:48]} 46. Ne3 {[%clk 0:03:57]} Bxe3+
{[%clk 0:04:12]} 47. Kxe3 {[%clk 0:04:26]} Nd5+ {[%clk 0:04:37]} 0-1

[Event "Match of the Millennials U14"]
[Site "Saint Louis"]
[Date "2017.07.29"]
[Round "4.2"]
[White "Abdusattorov, Nodirbek"]
[Black "Liang, Awonder"]
[Result "0-1"]
[BlackElo "2536"]
[WhiteElo "2467"]
[LiveChessVersion "1.4.8"]

1. e4 {[%clk 1:30:56]} e5 {[%clk 1:30:54]} 2. Nf3 {[%clk 1:31:19]} Nc6
{[%clk 1:31:19]} 3. Bb5 {[%clk 1:31:42]} a6 {[%clk 1:31:43]} 4. Ba4
{[%clk 1:32:06]} Nf6 {[%clk 1:32:03]} 5. O-O {[%clk 1:32:07]} Be7
{[%clk 1:32:24]} 6. Re1 {[%clk 1:32:30]} b5 {[%clk 1:32:20]} 7. Bb3
{[%clk 1:32:51]} d6 {[%clk 1:32:44]} 8. c3 {[%clk 1:33:06]} O-O {[%clk 1:33:03]}
9. h3 {[%clk 1:33:26]} Bb7 {[%clk 1:32:44]} 10. d4 {[%clk 1:32:05]} Re8
{[%clk 1:33:06]} 11. Ng5 {[%clk 1:31:50]} Rf8 {[%clk 1:33:28]} 12. Nf3
{[%clk 1:32:17]} Re8 {[%clk 1:31:47]} 13. Ng5 {[%clk 1:32:15]} Rf8
{[%clk 1:31:29]} 14. Nf3 {[%clk 1:32:40]} Re8 {[%clk 1:22:31]} 15. a3
{[%clk 1:32:03]} Nd7 {[%clk 1:11:57]} 16. Nbd2 {[%clk 1:27:45]} exd4
{[%clk 1:10:06]} 17. cxd4 {[%clk 1:26:05]} Bf6 {[%clk 1:10:28]} 18. Nf1
{[%clk 1:25:04]} Na5 {[%clk 1:10:51]} 19. Bc2 {[%clk 1:25:27]} c5
{[%clk 0:59:27]} 20. d5 {[%clk 1:20:51]} Nc4 {[%clk 0:58:31]} 21. Rb1
{[%clk 1:20:53]} Nde5 {[%clk 0:52:04]} 22. N3h2 {[%clk 1:19:15]} a5
{[%clk 0:48:47]} 23. b3 {[%clk 1:11:13]} Nb6 {[%clk 0:49:02]} 24. Ne3
{[%clk 1:05:57]} Bc8 {[%clk 0:44:46]} 25. Kh1 {[%clk 0:57:20]} Ng6
{[%clk 0:37:51]} 26. Bd3 {[%clk 0:45:59]} b4 {[%clk 0:27:35]} 27. Qc2
{[%clk 0:39:18]} Bd7 {[%clk 0:26:28]} 28. a4 {[%clk 0:31:36]} Nf4
{[%clk 0:24:18]} 29. Bf1 {[%clk 0:30:34]} Bc3 {[%clk 0:24:13]} 30. Rd1
{[%clk 0:29:49]} Qe7 {[%clk 0:23:42]} 31. f3 {[%clk 0:22:57]} Nh5
{[%clk 0:22:34]} 32. Bd3 {[%clk 0:20:30]} Ng3+ {[%clk 0:18:11]} 33. Kg1
{[%clk 0:20:58]} f5 {[%clk 0:17:03]} 34. exf5 {[%clk 0:18:20]} Bd4
{[%clk 0:16:51]} 35. Re1 {[%clk 0:15:55]} Kh8 {[%clk 0:14:56]} 36. Nhg4
{[%clk 0:14:54]} h5 {[%clk 0:13:58]} 37. Bb2 {[%clk 0:11:22]} Bxb2 38. Qxb2
{[%clk 0:11:13]} hxg4 {[%clk 0:12:40]} 39. Qf2 {[%clk 0:10:02]} Qg5
{[%clk 0:11:12]} 40. hxg4 {[%clk 0:03:34]} Qh4 {[%clk 0:11:24]} 41. Qd2
{[%clk 0:03:50]} Re7 {[%clk 0:10:46]} 42. Nc4 {[%clk 0:03:13]} Nxc4
{[%clk 0:09:42]} 43. Bxc4 {[%clk 0:03:42]} Rae8 {[%clk 0:10:05]} 44. Rxe7
{[%clk 0:02:25]} Rxe7 {[%clk 0:10:33]} 45. Rc1 {[%clk 0:02:37]} Be8
{[%clk 0:08:38]} 46. Rd1 {[%clk 0:01:57]} Bf7 {[%clk 0:08:56]} 47. Rc1
{[%clk 0:00:43]} Re5 {[%clk 0:08:34]} 48. Rc2 {[%clk 0:01:12]} Bg8
{[%clk 0:06:12]} 49. Ra2 {[%clk 0:01:23]} Re4 {[%clk 0:05:36]} 50. Rc2
{[%clk 0:00:57]} Rxg4 {[%clk 0:05:33]} 51. Rc1 {[%clk 0:00:43]} Rd4
{[%clk 0:05:45]} 52. Qe3 {[%clk 0:00:31]} Nxf5 {[%clk 0:06:01]} 53. Qe8
{[%clk 0:00:31]} Rd2 {[%clk 0:06:19]} 54. Qe1 {[%clk 0:00:31]} Qxe1+ 0-1

[Event "Match of the Millennials U14"]
[Site "Saint Louis"]
[Date "2017.07.29"]
[Round "4.3"]
[White "Samadashvili, Martha"]
[Black "Assaubayeva, Bibisara"]
[Result "0-1"]
[BlackElo "2386"]
[WhiteElo "2018"]
[LiveChessVersion "1.4.8"]

1. e4 {[%clk 1:30:58]} c5 {[%clk 1:30:44]} 2. Nf3 {[%clk 1:31:23]} d6
{[%clk 1:31:00]} 3. d4 {[%clk 1:31:45]} cxd4 {[%clk 1:31:18]} 4. Nxd4
{[%clk 1:32:03]} Nf6 {[%clk 1:31:28]} 5. Nc3 {[%clk 1:32:25]} a6 {[%clk 1:31:45]}
6. h3 {[%clk 1:32:41]} e6 {[%clk 1:31:15]} 7. g4 {[%clk 1:32:32]} Nfd7
{[%clk 1:30:09]} 8. Bg2 {[%clk 1:32:19]} Be7 {[%clk 1:28:07]} 9. O-O
{[%clk 1:32:32]} Nc6 {[%clk 1:25:46]} 10. Be3 {[%clk 1:31:47]} Nde5
{[%clk 1:21:18]} 11. b3 {[%clk 1:29:25]} O-O {[%clk 1:16:35]} 12. f4
{[%clk 1:29:04]} Nxd4 {[%clk 1:15:45]} 13. Qxd4 {[%clk 1:27:01]} Ng6
{[%clk 1:08:28]} 14. Qd2 {[%clk 1:24:31]} h6 {[%clk 1:02:00]} 15. Ne2
{[%clk 1:20:00]} Nh4 {[%clk 0:53:26]} 16. Bh1 {[%clk 1:14:53]} b5
{[%clk 0:49:07]} 17. e5 {[%clk 1:11:40]} Rb8 {[%clk 0:42:45]} 18. Nd4
{[%clk 1:07:05]} Bd7 {[%clk 0:38:21]} 19. Nf3 {[%clk 0:56:01]} Nxf3+
{[%clk 0:36:58]} 20. Bxf3 {[%clk 0:56:19]} dxe5 {[%clk 0:33:01]} 21. Rad1
{[%clk 0:53:41]} Be8 {[%clk 0:31:25]} 22. Qxd8 {[%clk 0:52:46]} Bxd8
{[%clk 0:31:44]} 23. Bc5 {[%clk 0:52:00]} Bb6 {[%clk 0:31:55]} 24. Bxb6
{[%clk 0:52:25]} Rxb6 {[%clk 0:32:23]} 25. fxe5 {[%clk 0:52:46]} f6
{[%clk 0:27:52]} 26. Rd6 {[%clk 0:51:25]} Rxd6 {[%clk 0:26:23]} 27. exd6
{[%clk 0:51:51]} b4 {[%clk 0:22:26]} 28. Be2 {[%clk 0:51:47]} a5 {[%clk 0:20:14]}
29. Bc4 {[%clk 0:51:00]} Bf7 {[%clk 0:14:52]} 30. Bb5 {[%clk 0:44:41]} Rd8
{[%clk 0:14:09]} 31. Rd1 {[%clk 0:44:30]} Kf8 {[%clk 0:13:50]} 32. a3
{[%clk 0:42:52]} Bg6 {[%clk 0:10:58]} 33. axb4 {[%clk 0:40:58]} axb4
{[%clk 0:08:01]} 34. Rd2 {[%clk 0:40:36]} Be4 {[%clk 0:07:53]} 35. Kf2
{[%clk 0:40:06]} Bd5 {[%clk 0:06:42]} 36. d7 {[%clk 0:35:36]} Ke7
{[%clk 0:05:51]} 37. Rd4 {[%clk 0:32:19]} Rb8 {[%clk 0:05:01]} 38. Rxb4
{[%clk 0:31:33]} e5 {[%clk 0:03:50]} 39. c3 {[%clk 0:20:46]} Be6 {[%clk 0:04:14]}
40. d8=Q+ {[%clk 0:19:30]} Kxd8 {[%clk 0:04:33]} 41. Ke3 {[%clk 0:16:56]} Bd7
{[%clk 0:04:46]} 42. Bd3 {[%clk 0:16:38]} Rxb4 {[%clk 0:04:54]} 43. cxb4
{[%clk 0:17:04]} Kc7 {[%clk 0:05:12]} 44. Ke4 {[%clk 0:14:59]} Kd6
{[%clk 0:05:41]} 45. Ke3 {[%clk 0:14:14]} Be6 {[%clk 0:06:04]} 46. Bc4
{[%clk 0:13:52]} g6 {[%clk 0:06:01]} 47. b5 {[%clk 0:14:03]} Bc8 {[%clk 0:06:26]}
48. Bf7 {[%clk 0:13:49]} g5 {[%clk 0:05:26]} 49. Bg6 {[%clk 0:07:34]} Kc5
{[%clk 0:05:45]} 50. Ke4 {[%clk 0:07:25]} Be6 {[%clk 0:05:14]} 51. Be8
{[%clk 0:05:56]} Bxb3 {[%clk 0:05:34]} 52. Kf5 {[%clk 0:04:31]} Bc4
{[%clk 0:03:28]} 53. Kxf6 {[%clk 0:03:54]} e4 {[%clk 0:03:36]} 54. Bc6
{[%clk 0:02:05]} Bd5 {[%clk 0:04:05]} 55. Ke5 {[%clk 0:01:28]} e3
{[%clk 0:04:34]} 56. Bxd5 {[%clk 0:01:46]} e2 {[%clk 0:05:03]} 57. Be6
{[%clk 0:01:32]} e1=Q+ {[%clk 0:05:31]} 58. Kf6 {[%clk 0:01:52]} Kxb5
{[%clk 0:05:50]} 59. Bf5 {[%clk 0:02:07]} Qh4 {[%clk 0:06:13]} 0-1

[Event "Match of the Millennials U14"]
[Site "Saint Louis"]
[Date "2017.07.29"]
[Round "4.4"]
[White "Salimova, Nurgyul"]
[Black "Yip, Carissa"]
[Result "1-0"]
[BlackElo "2261"]
[WhiteElo "2332"]
[LiveChessVersion "1.4.8"]

1. d4 {[%clk 1:30:57]} d5 {[%clk 1:30:42]} 2. c4 {[%clk 1:31:21]} e6
{[%clk 1:31:09]} 3. Nc3 {[%clk 1:31:43]} Bb4 {[%clk 1:31:35]} 4. a3
{[%clk 1:32:05]} Bxc3+ {[%clk 1:31:59]} 5. bxc3 {[%clk 1:32:30]} Nf6
{[%clk 1:32:13]} 6. e3 {[%clk 1:32:43]} O-O {[%clk 1:32:27]} 7. cxd5
{[%clk 1:32:54]} exd5 {[%clk 1:32:52]} 8. Bd3 {[%clk 1:33:17]} c5
{[%clk 1:32:07]} 9. Ne2 {[%clk 1:33:36]} b6 {[%clk 1:32:28]} 10. O-O
{[%clk 1:33:49]} Ba6 {[%clk 1:31:49]} 11. Bxa6 {[%clk 1:34:06]} Nxa6
{[%clk 1:32:15]} 12. Qd3 {[%clk 1:34:28]} c4 {[%clk 1:31:49]} 13. Qc2
{[%clk 1:34:52]} Re8 {[%clk 1:26:25]} 14. f3 {[%clk 1:29:40]} Nc7
{[%clk 1:25:06]} 15. a4 {[%clk 1:24:48]} a6 {[%clk 1:25:04]} 16. Bd2
{[%clk 1:21:54]} Qd7 {[%clk 1:19:37]} 17. Rae1 {[%clk 1:18:13]} b5
{[%clk 1:19:09]} 18. a5 {[%clk 1:12:57]} Rab8 {[%clk 1:16:04]} 19. Ng3
{[%clk 1:07:32]} Ne6 {[%clk 0:52:56]} 20. e4 {[%clk 1:00:46]} Qa7
{[%clk 0:51:07]} 21. e5 {[%clk 0:47:11]} Nd7 {[%clk 0:50:45]} 22. f4
{[%clk 0:42:36]} f6 {[%clk 0:49:01]} 23. Nf5 {[%clk 0:29:32]} fxe5
{[%clk 0:44:08]} 24. fxe5 {[%clk 0:29:15]} b4 {[%clk 0:42:46]} 25. Kh1
{[%clk 0:25:35]} b3 {[%clk 0:38:52]} 26. Qd1 {[%clk 0:23:29]} b2 {[%clk 0:34:15]}
27. Qg4 {[%clk 0:22:01]} Ndf8 {[%clk 0:33:14]} 28. Nd6 {[%clk 0:19:59]} Re7
{[%clk 0:31:15]} 29. Qf3 {[%clk 0:19:58]} Qa8 {[%clk 0:31:10]} 30. Rb1
{[%clk 0:16:51]} Qc6 {[%clk 0:27:01]} 31. h4 {[%clk 0:15:52]} Qa8
{[%clk 0:16:16]} 32. h5 {[%clk 0:13:57]} Nc7 {[%clk 0:15:07]} 33. h6
{[%clk 0:11:23]} g6 {[%clk 0:12:21]} 34. Qf6 {[%clk 0:10:39]} Rd7
{[%clk 0:12:43]} 35. Nf7 {[%clk 0:10:40]} 1-0